000 00512nam a2200205Ia 4500
003 OSt
005 20230223114600.0
008 210210b2015 xxu||||| |||| 00| 0 eng d
020 _a9789350121313
040 _cAL
041 _aeng
082 _a530.02 GUPI
100 _aGUPTA (R)
_973051
245 _aIIT JAM: joint admission test for MSc Physics
260 _aNew Delhi
_bRamesh publishing house
_c2015
300 _aiv,76
690 _aPhysics Entrance
_973052
906 _a068995
942 _2ddc
_cBK
999 _c153118
_d153118